000 00382nam a22001577a 4500
003 MPLRDC
005 20220104114229.0
008 210129b ||||| |||| 00| 0 eng d
082 _a859.4 WCE v.3
100 _a吴承恩著
245 _a西游记; 下
_c
260 _a
_b人民企业有限公司
_c
300 _b
650 _a儿童故事; 神话
942 _cBK
_o859.4 WCE v.3
999 _c5860
_d5850